000 02463nam a2200253Ii 4500
008 221202s xx 000 0 und d
100 1 _aFernando, Jeremy,
_eauthor
245 0 _a[Given, If, Then] :
_b A Reading in Three Parts
264 1 _aBrooklyn, NY
_bpunctum books
_c2015
300 _a1 online resource (116 pages)
336 _atext
_btxt
_2rdacontent
337 _acomputer
_bc
_2rdamedia
338 _aonline resource
_bcr
_2rdacarrier
520 _a[Given, If, Then] attempts to conceive a possibility of reading, through a set of readings: reading being understood as the relation to an Other that occurs prior to any semantic or formal identification, and, therefore, prior to any attempt at assimilating, or appropriating, what is being read to the one who reads. As such, it is an encounter with an indeterminable Other, an Other who is other than other - an unconditional relation, and thus a relation to no fixed object of relation. The first reading by Jeremy Fernando, "Blind Reading," unfolds through an attempt to speak of reading as an event. Untheorisable in itself, it is a positing of reading as reading, through reading, where texts are read as a test site for reading itself. As such, it is a meditation on the finitude and exteriority in literature, philosophy, and knowledge; where blindness is both the condition and limit of reading itself. Folded into, or in between, this (re)reading are a selection of photographs from Jennifer Hope Davy's image archive. They are on the one hand simply a selection of 'impartial pictures' taken, and on the other hand that which allow for something singular and, therefore, always other to dis/appear - crossing that borderless realm between 'some' and 'some-thing.' Eventually, there is a writing on images on writings by Julia Hölzl. A responding to the impossible response, a re-iteration, a re-reading of what could not have been written, a re-writing of what could not have been read; these poems, if one were to name them such, name them as such, answer (to) the impossibility of answering: answer to no call.
653 _aArt
653 _aLiterature
653 _aPhilosophy
653 _aPhotography
653 _aPoetry
700 1 _aDavy, Jennifer Hope
700 1 _aHölzl, Julia
856 _uhttps://docs.google.com/spreadsheets/d/1yKIrdCPDAG_9c22mwoOIO2DOhtj65Wqa/edit?usp=sharing&ouid=106555315294820607512&rtpof=true&sd=true
_yList of Curated E-Books
942 _cE-BOOK
999 _c91218
_d91215